1536 1768 1084 1691 1425 1095 1928 1373 1881 1657 1380 1394 1570 1306 1033 1511 1021 1025 1796 1584 1700 1946 1981 1335 1974 1318 1426 1288 1747 1163 1533 1348 1952 1661 1091 1969 1925 1417 1231 1766 1745 1558 1797 1167 1440 1323 1004 1529 1045 1703 1433 1927 1585 1262 1095 1019 1112 1011 1423 1453 1508 1837 1447 1468 1555 1628 1843 1345 1898 1242 1636 1834 1840 1659 1022 1125 1887 1042 1328 1826 1682 1871 1007 1951 1824 1899 1455 1208 1576 1558 1978 1129 1646 1198 1683 1857 1477 1889 1943 BCNSPRNW ULIB Ver.6.0+V

เปลี่ยนเป็นภาษาไทย

Change to English
 แสดงรายละเอียดบรรณานุกรม
  กลับหน้าหลัก

Brief Record : Get Marc (ISO 2709) : E-mail record : QR code < ปิดหน้าต่าง
LEADER : 00000nam 2200000uu 4500
001    13399110217
003     ULIB
008    110426s2544||||th 000 0 tha d
020    9789743470240
060 04 WL385^bจ683ว 2544
100 0  จรัส สุวรรณเวลา
245 10 วิทยาการโรคลมชัก =^bComprehensive epileptology /^cจรัสสุวรรณเวลา ...[และคนอื่น ๆ] ; บรรณาธิการ ชัยชน โลว์เจริญกูล
246 31 Comprehensive epileptology
260    กรุงเทพฯ :^bโรงพยาบาลจุฬาลงกรณ์ สภากาชาดไทย,^c2544
300    174 หน้า :^bภาพประกอบ, ตาราง
650  2 Epilepsy
700 10 ชัยชน โลว์เจริญกูล,^eบรรณาธิการ
995    ทศพร
999 ^a ใช้งานได้ทุกระบบ
รายการนี้ยังไม่มีแท็ก
คุณยังไม่ได้ล็อกอิน คุณสามารถมีกิจกรรมร่วมกับเว็บไซต์ได้ แต่ต้องล็อกอินก่อน ::
  ล็อกอิน

รายการสื่อสารสนเทศ

ลำดับที่ ประเภท เลขเรียก/บาร์โค้ด สถานที่ สถานะ
- ไม่พบข้อมูล -

รายการใกล้เคียง
    ผู้แต่ง [จรัส สุวรรณเวลา]

    หัวเรื่อง [Epilepsy]

BibComment


ยังไม่เคยถูกคอมเมนท์

คอมเมนท์ทรัพยากรรายการนี้
  คอมเมนท์: วิทยาการโรคลมชัก ..


 Copyright 2026. Bcnsprnw @Library